000
00323cam a22001337a 4500
008
180718b1953 xxu||||| |||| 00| 0 eng d
082
_a
I5511 H334
100
_a
Hays, S.
245
_a
Outline of statistics
_c
by S. Hays
250
_a
4th ed.
260
_a
London
_b
Longmans
_c
1953
300
_a
289p.
650
_a
Statistics
999
_c
367948
_d
367948